| 000 | 00337nam a2200133Ia 4500 | ||
|---|---|---|---|
| 005 | 20251222144731.0 | ||
| 008 | 251222s9999||||xx |||||||||||||| ||spa|| | ||
| 082 | _a332/M65/2014 | ||
| 100 | _aMishkin, Frederic S. | ||
| 245 | 0 | _aMoneda, Banca y Mercados Financieros | |
| 250 | _a10ma. ed. | ||
| 264 | _bPearson Educación | ||
| 942 | _cLIB | ||
| 999 |
_c18573 _d18573 |
||